UITU Library & LRC     

Designing Network Security: a practical guide to creating secure network infra structure (Record no. 6860)

MARC details
000 -LEADER
fixed length control field 00608nam a2200217Ia 4500
003 - CONTROL NUMBER IDENTIFIER
control field OSt
005 - DATE AND TIME OF LATEST TRANSACTION
control field 20241023111952.0
008 - FIXED-LENGTH DATA ELEMENTS--GENERAL INFORMATION
fixed length control field 240925s9999 xx 000 0 und d
020 ## - INTERNATIONAL STANDARD BOOK NUMBER
International Standard Book Number 1578700434
040 ## - CATALOGING SOURCE
Transcribing agency sd
082 ## - DEWEY DECIMAL CLASSIFICATION NUMBER
Classification number 004.6 KAE
100 ## - MAIN ENTRY--PERSONAL NAME
Personal name Merike , Kaeo
245 #0 - TITLE STATEMENT
Title Designing Network Security: a practical guide to creating secure network infra structure
250 ## - EDITION STATEMENT
Edition statement NA
260 ## - PUBLICATION, DISTRIBUTION, ETC.
Place of publication, distribution, etc. New Jersey:
Name of publisher, distributor, etc. Hayden
Date of publication, distribution, etc. ,1999.
300 ## - PHYSICAL DESCRIPTION
Extent 205p.
Other physical details NA
Type of unit Original
500 ## - GENERAL NOTE
General note Includes Index
600 ## - SUBJECT ADDED ENTRY--PERSONAL NAME
Personal name Computer Science
650 ## - SUBJECT ADDED ENTRY--TOPICAL TERM
Topical term or geographic name entry element Computer science, information & general works
942 ## - ADDED ENTRY ELEMENTS (KOHA)
Koha item type Books
Source of classification or shelving scheme Dewey Decimal Classification
Holdings
Withdrawn status Lost status Damaged status Not for loan Collection Home library Current library Date acquired Source of acquisition Cost, normal purchase price Total checkouts Full call number Barcode Date last seen Price effective from Koha item type
        Computer Science UITU Library UITU Library 05/21/2002 Vanguard Books 2750.17   004.6 KAE Q4361 09/25/2024 09/25/2024 Books

Powered by Koha